Jeux GTA - Statistiques

Statistiques générales
  • Ce quiz a été pris 544 fois
  • Le résultat moyen est 7 sur 13
Statistiques - réponses
Année de sortie Réponse % Correct
2013 GTA V
98%
2008 GTA IV
92%
2004 GTA San Andreas
91%
1999 GTA II
89%
2002 GTA Vice City
85%
2001 GTA III
83%
2006 GTA Vice City Stories
35%
2005 GTA Liberty City Stories
33%
2009 GTA Chinatown Wars
28%
2009 GTA The Ballad Of Gay Tony
15%
2004 GTA Advance
13%
2009 GTA The Lost And Damned
12%
1999 GTA London 1969
10%
Aucun quiz correspondant
Distribution des résultats
% des personnes avec chaque résultat
Percentile par nombre de réponses
Votre historique - résultats
Vous n’avez pas pris ce quiz